'D' Entertainment Images II Quiz Stats

Quiz Updated Feb 23, 2016

Challenge
Share
Tweet
Score 0/25 Timer 04:00
4 Plays Today
% Correct
Dominos
94.8%
Dumb and Dumber
90.7%
Dolly Parton
88.6%
Donkey Kong
87.7%
David Bowie
84.7%
Despicable Me
81.4%
Downton Abbey
80%
Desperate Housewives
79.1%
Dude, Where's My Car?
75.7%
Drake
72.4%
Destiny's Child
69.4%
Dana Scully
61.9%
Dawson's Creek
61.8%
% Correct
Diane Chambers
60.8%
Donnie Darko
52.9%
Dorothy Zbornak
49.2%
Deadwood
47.6%
Dragnet
42.6%
Dave Matthews Band
42.2%
Dance Dance Revolution
41.5%
Doom
41.5%
Don't Break the Ice
39%
Dan in Real Life
29.4%
Deandra Reynolds
28.9%
Deanna Troi
23.9%

You're not logged in!

Compare scores with friends on all Sporcle quizzes.
Sign Up with Email
OR
Log In

You Might Also Like...

Show Comments

Extras

Top Quizzes Today


Score Distribution

Your Account Isn't Verified!

In order to create a playlist on Sporcle, you need to verify the email address you used during registration. Go to your Sporcle Settings to finish the process.